Social and economic impact of SEZs in India /

Looks at the socio-economic impact of special economic zones (SEZs) in India, exploring government policy and their potential as a major development strategy.

Bibliographic Details
Main Author: Aggarwal, Aradhna
Corporate Author: Oxford University Press
Format: eBook
Language:English
Published: New Delhi : Oxford University Press, ©2012.
Subjects:
Online Access:Connect to the full text of this electronic book

MARC

Tag First Indicator Second Indicator Subfields
LEADER 00000cam a2200000 a 4500
001 in00005716637
005 20260319180135.8
006 m o d
007 cr |n|||||||||
008 120612s2012 ii a ob 001 0 eng d
040 |a WYU  |b eng  |e pn  |c WYU  |d OCLCO  |d OCLCF  |d OCLCQ  |d YDXCP  |d VLB  |d STBDS  |d Z5A  |d FIE  |d BUF  |d U3W  |d YOU  |d TKN  |d OCLCO  |d OCLCA  |d OL$  |d OCLCQ  |d HS0  |d OCL  |d OCLCO  |d OCLCQ  |d OCLCO  |d OCLCL  |d OCLCO  |d OCLCQ 
016 7 |a 015964044  |2 Uk 
019 |a 812066938  |a 812452694 
020 |a 0199081034  |q (electronic bk.) 
020 |a 9780199081035  |q (electronic bk.) 
020 |z 9780198077275  |q (hbk.) 
020 |z 0198077270  |q (hbk.) 
035 |a (OCoLC)1062897126  |z (OCoLC)812066938  |z (OCoLC)812452694 
043 |a a-ii--- 
050 4 |a HC435.3  |b .A3425 2012 
082 0 4 |a 338.954  |2 23 
049 |a TXAM 
100 1 |a Aggarwal, Aradhna.  |1 https://id.oclc.org/worldcat/entity/E39PCjDgrvwMcCJDCDD3XyjWcP 
240 1 0 |a Social and economic impact of SEZs in India (Online) 
245 1 0 |a Social and economic impact of SEZs in India /  |c Aradhna Aggarwal. 
246 3 |a Social and economic impact of special economic zones in India 
260 |a New Delhi :  |b Oxford University Press,  |c ©2012. 
300 |a 1 online resource (xix, 300 pages) :  |b illustrations 
336 |a text  |b txt  |2 rdacontent 
337 |a computer  |b c  |2 rdamedia 
338 |a online resource  |b cr  |2 rdacarrier 
504 |a Includes bibliographical references (pages 266-289) and index. 
505 0 |a Understanding SEZs : a historical perspective -- Special economic zones : a global perspective -- Evolution of SEZ policy in India -- Theoretical perspectives : towards a better understanding of the SEZ impact -- Strategizing of SEZs : the experiences of China vis à vis Taiwan and South Korea -- Economic impact of SEZs : a quantitative assessment -- Economic impact of SEZs : a qualitative analysis -- Impact of SEZs on human development : empirical evidence and issues -- Social effects of SEZs : emerging issues -- Opportunities, challenges, and policy suggestions. 
520 |a Looks at the socio-economic impact of special economic zones (SEZs) in India, exploring government policy and their potential as a major development strategy. 
650 0 |a Economic development  |x Social aspects  |z India. 
651 0 |a India  |x Economic policy  |y 1991-2016. 
651 6 |a Inde  |x Politique économique  |y 1991-2016. 
650 7 |a Economic development  |x Social aspects  |2 fast 
650 7 |a Economic policy  |2 fast 
651 7 |a India  |2 fast  |1 https://id.oclc.org/worldcat/entity/E39PBJmdx47cDXrRhBXHtbvPwC 
650 7 |a Business & Economics.  |2 hilcc 
650 7 |a Economic History.  |2 hilcc 
648 7 |a 1991-2016  |2 fast 
655 7 |a Electronic books.  |2 local 
710 2 |a Oxford University Press.  |1 https://id.oclc.org/worldcat/entity/E39QH7JmqydQRq3jgM89g7d7gg 
758 |i has work:  |a Social and economic impact of SEZs in India (Text)  |1 https://id.oclc.org/worldcat/entity/E39PCGh8Vc3FKFh6WFyMfqpByd  |4 https://id.oclc.org/worldcat/ontology/hasWork 
776 0 8 |i Print version:  |a Aggarwal, Aradhna.  |t Social and economic impact of SEZs in India.  |d New Delhi : Oxford University Press, ©2012  |z 9780198077275  |z 0198077270  |w (DLC) 2012406174 
856 4 0 |u http://proxy.library.tamu.edu/login?url=https://academic.oup.com/book/11183  |z Connect to the full text of this electronic book  |t 0 
936 |a BATCHLOAD 
955 |a Oxford Scholarship Online 
994 |a 92  |b TXA 
999 f f |i 8399c7ea-ef59-44af-a034-08245f35f1b2  |s 67cae86b-ce2a-4052-81ed-f7446ffe5147  |t 0 
952 f f |a Texas A&M University  |b College Station  |c Electronic Resources  |s www_evans  |d Available Online  |t 0  |e HC435.3 .A3425 2012  |h Library of Congress classification 
998 f f |a HC435.3 .A3425 2012  |t 0  |l Available Online